Estatísticas para 5 maiores municípios por estado brasileiro

Clique aqui para jogar o quiz

Estatísticas Gerais

  • Esse quiz foi jogado 401 vezes
  • A pontuação média é 64 de 130

Estatísticas das Respostas

RegiãoEstadoPopulaçãoCidade% Correto
SudesteES348.268Vitória
95%
SudesteMG2.513.451Belo Horizonte
94%
SudesteRJ6.498.837Rio de Janeiro
92%
SudesteSP12.038.175São Paulo
92%
SulRS1.481.019Porto Alegre
91%
SulPR1.893.997Curitiba
90%
Centro-OesteGO1.448.639Goiânia
90%
NordestePI58.586Floriano
89%
SudesteSP1.337.087Guarulhos
89%
SudesteSP1.173.370Campinas
87%
SudesteMG646.673Uberlândia
87%
SulSC453.285Florianópolis
86%
NorteAM2.094.391Manaus
86%
NorteAC357.194Rio Branco
86%
NortePA1.446.042Belém
85%
Centro-OesteMS863.982Campo Grande
85%
Centro-OesteMT569.830Cuiabá
84%
NordesteCE2.609.716Fortaleza
83%
NordesteBA2.938.092Salvador
83%
NorteAP437.256Macapá
82%
SulPR537.566Londrina
81%
NordesteAL1.021.709Maceió
81%
SudesteRJ494.200Niterói
81%
NorteTO257.904Palmas
80%
NorteRR308.996Boa Vista
79%
SulRS465.304Caxias
78%
NordesteMA159.396Caxias
78%
NordestePE1.625.583Recife
78%
NordestePI847.435Teresina
78%
SulSC549.981Joinville
77%
SudesteRJ1.044.058São Gonçalo
77%
NordesteSE614.577Aracajú
76%
NordestePB769.607João Pessoa
76%
NorteRO484.992Porto Velho
76%
NordesteMA1.082.935São Luís
76%
NordesteRN877.662Natal
75%
SulPR385.753Maringá
74%
SudesteES458.489Vila Velha
74%
SulSC224.779São José
73%
SudesteRJ886.917Duque de Caxias
72%
NordesteBA606.139Feira de Santana
70%
SulSC329.082Blumenau
68%
SulRS341.180Pelotas
66%
SudesteES467.318Serra
66%
SudesteSP704.942Santo André
65%
SudesteSP805.895São Bernardo do Campo
64%
SudesteMG545.942Juiz de Fora
63%
SudesteRJ804.815Nova Iguaçu
63%
SulPR331.084Ponta Grossa
61%
SulPR305.615Cascavel
60%
Centro-OesteGO357.402Anápolis
59%
NordestePB400.002Campina Grande
58%
SudesteMG637.961Contagem
58%
Centro-OesteGO500.619Aparecida de Goiânia
57%
SudesteMG406.474Betim
57%
Centro-OesteMS207.498Dourados
57%
NordestePE388.127Olinda
57%
SulRS273.489Santa Maria
57%
SulSC202.395Criciúma
56%
NordesteCE261.289Juazeiro do Norte
56%
Centro-OesteMT208.019Rondonópolis
54%
NordesteMA251.468Imperatriz
53%
NordesteCE197.663Sobral
51%
NordesteBA336.987Vitória da Conquista
51%
NordesteRN280.314Mossoró
50%
SulRS338.531Canoas
48%
NordestePE675.599Jaboatão dos Guararapes
48%
NortePA288.462Santarém
48%
NortePA493.976Ananindeua
47%
NordesteAL227.640Arapiraca
47%
SudesteES375.974Cariacica
47%
NortePA251.885Marabá
46%
NordestePE319.893Petrolina
46%
NordestePE337.416Caruaru
43%
NorteRO128.026Ji-Paraná
43%
Centro-OesteMT123.634Sinop
43%
NorteAC80.377Cruzeiro do Sul
41%
NorteAM109.225Parintins
41%
Centro-OesteMS107.347Corumbá
40%
NordestePI148.832Parnaíba
36%
Centro-OesteMS83.747Ponta Porã
36%
Centro-OesteMT262.880Várzea Grande
36%
NorteTO164.093Araguaína
33%
NordesteCE344.936Caucaia
33%
NorteRO87.272Vilhena
33%
NordesteBA275.575Camaçari
32%
Centro-OesteGO197.048Rio Verde
32%
Centro-OesteMS109.633Três Lagoas
32%
NordesteBA218.124Itabuna
31%
SudesteES205.213Cachoeiro de Itapemirim
29%
NordesteSE100.330Lagarto
29%
Centro-OesteGO188.181Luziânia
29%
NorteAP22.986Oiapoque
29%
NordestePI76.042Picos
29%
NorteAP108.897Santana
29%
NordestePB104.716Patos
26%
NorteTO81.792Gurupi
25%
NordestePB95.196Bayeux
24%
NordesteRN229.414Parnamirim
24%
NordesteMA161.721Timon
24%
NordesteCE217.922Maracanaú
22%
NorteAP43.832Laranjal do Jari
20%
NorteAM91.795Manacapuru
19%
NordesteSE172.547Nossa Senhora do Socorro
19%
NordesteSE91.873Itabaiana
18%
NorteTO51.501Porto Nacional
17%
NorteRR26.326Rorainópolis
17%
NordesteMA170.423São José de Ribamar
17%
NorteRO101.269Ariquemes
16%
NorteRO85.863Cacoal
16%
NorteAM94.278Itacoatiara
15%
Centro-OesteMT90.252Tangará da Serra
15%
NortePA183.917Castanhal
13%
NordestePB132.871Santa Rita
13%
NordestePI62.542Piripiri
12%
NorteAC32.411Feijó
11%
NordesteSE84.620São Cristóvão
11%
NordesteAL73.532Palmeira dos Índios
10%
NordesteAL71.834Rio Largo
10%
NordesteAL65.495União dos Palmares
10%
NorteAM81.325Coari
9%
NordesteRN75.584Macaíba
9%
NordesteRN95.218São Gonçalo do Amarante
9%
NorteAC40.311Sena Madureira
9%
NorteRR19.696Caracaraí
8%
NorteTO47.724Paraíso do Tocantins
7%
NorteAP18.739Mazagão
6%
NorteAC37.571Tarauacá
5%
NorteRR15.890Mucajaí
4%
NorteRR16.428Alto Alegre
3%

Distribuição das Pontuações

Percentil de Números Respondidos

Porcentagem de Pessoas com Cada Pontuação

Sua Pontuação Histórica

Você não jogou esse quiz